Highest Grossing Movies of 2021 - Statistics

General Stats
  • This quiz has been taken 13 times
  • The average score is 13 of 30
Answer Stats
Hint Answer % Correct
Young superhero asks a wizard to make people forget things, ultimately summoning multiversal heroes and villains. Spider-Man: No Way Home
100%
A Russian operative and her sister track down their parents and stop an international organization that abuses and trains young women Black Widow
85%
The backstory of a popular villain who wishes to gain the furs and skins of animals Cruella
85%
A young child befriends a dog who is overly large and overly red Clifford the Big Red Dog
69%
A seasoned British spy faces a daunting world-ending challenge, one that may eventually kill him No Time to Die
62%
A special family ostracizes the only non-special family member, who is prophecied to destroy the family home Encanto
54%
A video game NPC gains sentience and inadvertently fights a corrupt business owner Free Guy
54%
A giant monkey fights a giant lizard, but then they both fight a giant robot Godzilla vs. Kong
54%
A young superhero uses a knowledge of martial arts to prevent his father from using powerful rings to open a gate. Shang-Chi & The Legend of the Ten Rings
54%
A group of criminals band together to kill a giant starfish on a remote island The Suicide Squad
54%
A hotel manager hires a cartoon cat to catch the cartoon mouse that is in their walls Tom & Jerry
54%
A backstory of murder and betrayal among the family of a popular designer brand House of Gucci
46%
A rugged boat owner and an adventurous woman go on a boat ride to find a tree that can heal people Jungle Cruise
46%
People are stranded on a beach that magically makes them age quickly Old
46%
A woman's father turns to stone, so she enlists a dragon to help her steal things from several tribes Raya and the Last Dragon
46%
A basketball player is sucked into the Internet and must play a basketball game with cartoon characters Space Jam: A New Legacy
46%
A woman and her newborn baby deal with the loss of most of their family as they defend themselves from creatures who are sensitive to sound A Quiet Place Part II
38%
10 intergalactic beings stay on Earth in order to prepare it to be destroyed, but grow attached to Earth and reverse the destruction. Eternals
38%
Several children find their grandparents' old ghost hunting tools and use them to stop a new threat Ghostbusters: Afterlife
38%
A masked serial killer returns to terrorize a town in Illinois Halloween Kills
38%
A theatre troupe and their koala manager attempt to recruit a lion after the lion's wife dies Sing 2
31%
A creepy family goes on a summer vacation Addams Family 2
23%
A villainous man with a hook for a hand terrorizes people Candyman
23%
Two detectives investigate a family that has been haunted by demonic presences The Conjuring: The Devil Made Me Do It
23%
On a night where people are allowed to kill each other, the biggest problem is racism. The Forever Purge
23%
A man and his alien counterpart accidentally let a serial killer escape with superpowers and then must track him down Venom: Let There Be Carnage
15%
A car enthusiast reunites with his old friends in order to stop his villainous brother's plan F9: The Fast Saga
8%
Two children grow up and then protect their child from a scientist baby Boss Baby 2: Family Business
0%
Several people, including a guy who was born from a pig, attack demons with their magical swords Demon Slayer: Mugen Train
0%
A prince is cursed by a gang of old women, and then goes into the desert to fight bald people dressed in black. Dune
0%
No matching quizzes found
Score Distribution
Percent of People with Each Score
Percentile by Number Answered
Your Score History
You have not taken this quiz